Statistiken für Länder mit Schneeleoparden

Klicken Sie hier um das Quiz zu spielen!

Allgemein

  • Dieses Quiz wurde 63 mal gespielt
  • Das Durchschnittsergebnis liegt bei 11 aus 12

Antwortstatistiken

Schneeleopardland% Korrekt
Mongolei
98%
China
98%
Russland
96%
Kasachstan
91%
Nepal
91%
Tadschikistan
88%
Bhutan
86%
Indien
84%
Pakistan
82%
Afghanistan
81%
Usbekistan
79%
Kirgisistan
77%

Verteilung der Resultate

Perzentil nach korrekt beantworteten Fragen

Anzahl Personen mit jedem Resultat

Ihre Resultats-Entwicklung

Sie haben dieses Quiz noch nicht gespielt